[Event "Floripa Chess Open 2024"]
[Site "Florianopolis"]
[Date "2024.01.24"]
[Round "6.126"]
[White "Vitielo, Alecio Elias"]
[Black "El Zwei, Aiman Mohamed"]
[Result "0-1"]
[WhiteElo "1768"]
[BlackElo "1800"]
[PlyCount "109"]
[EventDate "2024.01.20"]
[EventRounds "10"]
[EventCountry "BRA"]

1. e4 e5 2. Nf3 Nc6 3. Bb5 Nf6 4. Bxc6 dxc6 5. d3 Bd6 6. O-O O-O ({RR} 6... Nd7
7. b3 O-O 8. Bb2 Re8 9. Nbd2 Nf8 10. Nc4 Ng6 11. Re1 c5 12. Ne3 b6 13. a4 a5
14. Nf5 Bf8 15. Qd2 f6 16. Ng3 Nf4 17. Qe3 Ne6 18. Rad1 Nd4 19. Rc1 Bg4 20. Nd2
Qd7 21. h3 {Suleimen,E (2285)-Melkumyan,H (2650) chess.com INT 2023 0-1 (50)})
7. Nbd2 Re8 8. Nc4 c5 9. b3 $146 ({RR} 9. a4 Nd7 10. Bg5 f6 11. Bd2 Nf8 12. Nh4
Ne6 13. Nf5 Bf8 14. Kh1 b6 15. f4 Nxf4 16. Bxf4 exf4 17. Rxf4 Be6 18. Nfe3 c6
19. Rf3 Qc7 20. Rf1 Rad8 21. Qe2 a6 22. Nd2 b5 23. Nf3 Bd6 {Mocchi,T (2259)
-Khmelniker,I (2518) Trieste 2011 0-1 (34)}) 9... b5 10. Ne3 Bd7 11. Re1 c6 12.
Bd2 Nh5 13. a4 Nf4 14. axb5 cxb5 15. Nd5 Nxd5 16. exd5 b4 17. Ng5 f6 18. Ne4
Bb5 19. Be3 Qc7 20. Qg4 Kh8 21. Qh5 Rad8 22. g4 Be7 23. g5 fxg5 24. d6 Bxd6 25.
Nxg5 g6 26. Qh3 Bc6 27. Ra6 Bb5 28. Ra5 a6 29. Rea1 Qd7 30. Qh4 Qe7 31. Qh6 Qc7
32. R1a2 Bf8 33. Qh4 Kg8 34. Qh3 Rc8 35. Qh4 Qg7 36. Qh3 h6 37. Ne4 g5 38. Qf5
Be7 39. Qe6+ Kh8 40. Ng3 Bf6 41. Qh3 Qg6 42. Nf5 Bd8 43. Rxb5 axb5 44. Nxh6 Rc7
45. Nf7+ Kg7 46. Ra8 Qxf7 47. Ra6 Bf6 48. Qg4 Qg6 49. Qf3 c4 50. Bb6 Rc6 51.
Ra7+ Re7 52. Ra6 cxd3 53. cxd3 g4 54. Qd5 Qf7 55. Qg2 0-1

[Event "Floripa Chess Open 2024"]
[Site "Florianopolis"]
[Date "2024.01.24"]
[Round "6.128"]
[White "Tischler Lema Garcia, Maria Eduarda"]
[Black "Ferreira, Rodrigo Maycon Mira"]
[Result "0-1"]
[WhiteElo "1299"]
[BlackElo "1754"]
[PlyCount "138"]
[EventDate "2024.01.20"]
[EventRounds "10"]
[EventCountry "BRA"]

1. d4 Nf6 2. Bf4 g6 3. e3 Bg7 4. Nf3 d6 5. Be2 Nh5 6. Bg3 Nxg3 7. hxg3 c5 8. c3
Qb6 9. Qb3 Be6 $146 ({RR} 9... Qxb3 10. axb3 Nc6 11. Na3 Rb8 12. d5 Nd8 13.
Bb5+ Kf8 14. Bd3 a6 15. Nc4 b5 16. Na5 e6 17. e4 Ke7 18. Kd2 Rb6 19. Rae1 h5
20. Kc2 Bd7 21. Nd2 Nb7 22. Nxb7 Rxb7 23. f4 Rf8 24. dxe6 {Paci,D (2206)
-Bodiroga,P (2369) Novi Sad 2013 0-1 (39)}) 10. Qxb6 axb6 11. c4 cxd4 12. exd4
h6 13. Nc3 Na6 14. d5 Bd7 15. Rc1 O-O 16. O-O g5 17. Rfe1 Rfc8 18. Bd3 Kf8 19.
b3 Nb4 20. Bb1 Bxc3 21. Rxc3 Nxd5 22. Rc2 Bf5 23. Rd2 Bxb1 24. Rxb1 Nc3 25. Ra1
Ne4 26. Re2 Nc5 27. Rae1 e6 28. Nd4 Rd8 29. Nb5 Rac8 30. Rd2 Ke7 31. Red1 Ne4
32. Rd4 f5 33. Re1 h5 34. Re2 Rc5 35. Kh2 d5 36. f3 Nf6 37. Re5 Rdc8 38. Nc3
Nd7 39. Re1 dxc4 40. Rxc4 Rxc4 41. bxc4 Rxc4 42. Nd5+ Kf7 43. Ne3 Rc3 44. Rd1
Nc5 45. Nf1 Ke7 46. Rb1 Nd7 47. a4 Ra3 48. Rb4 Kd6 49. Nd2 Ra2 50. Rd4+ Kc6 51.
Nb3 Nc5 52. Rc4 Rxa4 53. Rc1 Rb4 54. Nd2 b5 55. Kg1 Rb2 56. Nf1 Re2 57. Nh2 Kb6
58. Kf1 Rd2 59. Re1 b4 60. Rb1 Kb5 61. f4 g4 62. Kg1 b3 63. Nf1 Re2 64. Nh2 Kb4
65. Kf1 Rd2 66. Kg1 b2 67. Nf1 Rc2 68. Kh2 Re2 69. Kg1 Kb3 0-1

[Event "Floripa Chess Open 2024"]
[Site "Florianopolis"]
[Date "2024.01.24"]
[Round "6.129"]
[White "Vieira, Igor Do Nascimento"]
[Black "Franca Junior, Jairo"]
[Result "1-0"]
[WhiteElo "1280"]
[BlackElo "1753"]
[PlyCount "43"]
[EventDate "2024.01.20"]
[EventRounds "10"]
[EventCountry "BRA"]

1. e4 e5 2. Nf3 Nf6 3. Nxe5 d6 4. Nf3 Nxe4 5. d4 d5 6. Bd3 Be7 7. O-O O-O 8.
Bf4 ({RR} 8. Nc3 Bf5 9. Qe1 Bb4 10. Qe3 Re8 11. Qf4 Bg6 12. Ne5 Bd6 13. Nxe4
dxe4 14. Bxe4 Bxe5 15. dxe5 Nc6 16. Bxc6 bxc6 17. Bd2 Bxc2 18. Rac1 Qd3 19. Bc3
Qg6 20. Rfe1 Bf5 21. Re3 Be6 22. Rg3 Qh5 {Brkic,A (2541)-Saric,A (2502) Stari
Mikanovci 2009 1-0 (36)}) ({RR} 8. c4 Bf5 9. cxd5 Qxd5 10. Nc3 Nxc3 11. bxc3
Bg4 12. Re1 Bxf3 13. gxf3 Qd7 14. Qb3 c6 15. a4 Bd6 16. Re4 Qh3 17. Bf4 Bxf4
18. Rxf4 Qd7 19. Rh4 g6 20. Rb1 b6 21. Kh1 Qd8 22. Rh3 Nd7 {Ferreira,V (2128)
-Jimenez,J (2225) chess.com INT 2022 1-0 (51)}) 8... Bg4 9. Nbd2 Nxd2 10. Bxd2
Nc6 $146 ({RR} 10... c6 11. Bf4 Nd7 12. c3 Nf6 13. Re1 h6 14. h3 Be6 15. Qc2
Bd6 16. Ne5 Qc7 17. Re2 Rae8 18. Rae1 Bc8 19. Qc1 h5 20. Bh6 Nh7 21. Bxh7+ Kxh7
22. Bxg7 Kxg7 23. Qg5+ Kh7 24. Qxh5+ Kg7 25. Qg5+ {Reppen,E (1954)-Ryvova,A  
(1981) Khanty-Mansiysk 2010 1-0 (37)}) 11. c3 Qd6 12. h3 Bh5 13. Re1 Rfe8 14.
Be2 a6 15. g4 Bg6 16. Bg5 Bxg5 17. Nxg5 Qf4 18. Nf3 Be4 19. Qd2 Qd6 20. Nh2 Nd8
21. Bd3 Bxd3 22. Rxe8+ 1-0

[Event "Floripa Chess Open 2024"]
[Site "Florianopolis"]
[Date "2024.01.24"]
[Round "6.130"]
[White "Esteves Neto, Antonio Francisco"]
[Black "Felix, Raimundo Nascimento"]
[Result "0-1"]
[WhiteElo "1800"]
[BlackElo "1749"]
[PlyCount "86"]
[EventDate "2024.01.20"]
[EventRounds "10"]
[EventCountry "BRA"]

1. e4 c5 2. Nf3 a6 3. c3 Nf6 4. e5 Nd5 5. d4 e6 6. c4 ({RR} 6. Bd3 b5 7. O-O
Bb7 8. Nbd2 d6 9. exd6 Bxd6 10. Ne4 c4 11. Nxd6+ Qxd6 12. Bc2 Nd7 13. Bg5 h6
14. Bh4 g5 15. Bg3 Nf4 16. Re1 Nf6 17. Ne5 Qd5 18. f3 h5 19. Bxf4 gxf4 20. Qd2
Qd8 {Kollars,D (2598)-Iniyan,P (2506) chess.com INT 2021 1-0 (57)}) 6... Nc7 ({
RR} 6... Nb6 7. d5 d6 8. Nc3 dxe5 9. Nxe5 N8d7 10. Nxd7 Bxd7 11. Bd3 exd5 12.
cxd5 Bd6 13. O-O O-O 14. Ne4 Bb5 15. Ng5 g6 16. Ne4 Nxd5 17. Bxb5 axb5 18. Qxd5
Bxh2+ 19. Kxh2 Qd6+ 20. Qxd6 {1-0 (20) Nihal,S (2670)-Michalski,O (2273) chess.
com INT 2023}) 7. d5 $146 ({RR} 7. Nc3 cxd4 8. Qxd4 Nc6 9. Qe4 d5 10. exd6 Bxd6
11. Bg5 f6 12. Be3 Qe7 13. Be2 O-O 14. O-O Bd7 15. Rad1 Be8 16. Qh4 Bc5 17. Bd3
Bg6 18. Bxg6 hxg6 19. Bxc5 Qxc5 20. Ne4 Qe7 21. Nfg5 {1-0 (21) Goodger,M (2067)
-Borda,L (2191) Budapest 2007}) ({RR} 7. Bg5 Be7 8. Bxe7 Qxe7 9. dxc5 Qxc5 10.
Qd6 b6 11. Nc3 Ra7 12. Qxc5 bxc5 13. Ne4 Bb7 14. Nxc5 Bxf3 15. gxf3 Nc6 16. f4
Ke7 17. O-O-O Na8 18. Rg1 g6 19. Rg3 Rc8 20. Ne4 a5 21. Nd6 Rb8 {Zakharov,A  
(2413)-Gerhardt,P (2155) Bad Zwischenahn 2008 1-0 (42)}) 7... d6 8. dxe6 Nxe6
9. Nc3 Nc6 10. exd6 Bxd6 11. Ne4 Bc7 12. Qxd8+ Ncxd8 13. Be3 b6 14. Bd3 Nf4 15.
Bxf4 Bxf4 16. O-O O-O 17. Ng3 Be6 18. Be4 Rc8 19. Nf5 Re8 20. Bd3 Nc6 21. g3
Bc7 22. Ng5 Ne5 23. Bc2 Bxc4 24. Rad1 h6 25. Ne4 Be2 26. Ned6 Bxd1 27. Rxd1
Nf3+ 28. Kg2 Bxd6 29. Nxd6 Nd4 30. Nxc8 Rxc8 31. Be4 Re8 32. Bf3 a5 33. a4 Re5
34. g4 Kf8 35. Rd3 Ke7 36. Bd1 g5 37. Re3 Kd6 38. Rc3 Ne6 39. Bb3 Re4 40. Kg3
Nd4 41. Rd3 f6 42. Bc4 Kc6 43. Re3 Re5 0-1

[Event "Floripa Chess Open 2024"]
[Site "Florianopolis"]
[Date "2024.01.24"]
[Round "6.133"]
[White "Rafaelknunes, Rafael Klanfer Nune"]
[Black "Predebon, Eduardo Angonesi"]
[Result "1/2-1/2"]
[WhiteElo "1789"]
[BlackElo "1742"]
[PlyCount "83"]
[EventDate "2024.01.20"]
[EventRounds "10"]
[EventCountry "BRA"]

1. e4 c5 2. Nf3 d6 3. Bc4 e6 4. c3 Nf6 5. d3 Nc6 6. Bb3 Be7 7. O-O O-O 8. Re1
Qc7 9. d4 ({RR} 9. Nbd2 b5 10. d4 Bb7 11. Qe2 a6 12. Nf1 Nd7 13. Ng3 Rfd8 14.
h4 Rac8 15. Bf4 Na5 16. Bd1 e5 17. Nf5 Bf8 18. Bg5 f6 19. Bc1 exd4 20. cxd4 Re8
21. Qd3 d5 22. exd5 Rxe1+ 23. Nxe1 Re8 {Geiser,L (2208)-Kuhn,P (2097)
Switzerland SUI 2023 1-0 (85)}) 9... cxd4 10. cxd4 e5 11. h3 h6 $146 ({RR} 
11... Na5 12. Bc2 b6 13. Nc3 Bd7 14. Bd3 Nc6 15. Be3 Rfe8 16. Rc1 Qd8 17. d5
Nb4 18. Bf1 a5 19. Nd2 Nxe4 20. Ndxe4 f5 21. Nd2 f4 22. Bxf4 exf4 23. Qf3 Rf8
24. a3 Na6 25. Bxa6 Rxa6 26. Qe2 {Goodger,M (2093)-Pg,M (2344) Liverpool 2007
1-0 (45)}) ({RR} 11... a6 12. Nc3 Na5 13. Bc2 b5 14. Bd2 Nc4 15. b3 Nxd2 16.
Qxd2 Bb7 17. Rac1 Rac8 18. Bb1 Qa5 19. Nd5 Qd8 20. Rxc8 Bxc8 21. dxe5 dxe5 22.
Nxe5 Nxd5 23. exd5 Qd6 24. Qc2 g6 25. Qc6 Rd8 26. Qxd6 {Boneva,Z (1990)
-Andreeva,P (2088) Vratsa 2006 0-1 (36)}) 12. Nc3 a6 13. a3 b5 14. Nd5 Nxd5 15.
exd5 Nxd4 16. Nxd4 exd4 17. Qxd4 Bf6 18. Qd3 Bd7 19. Bc2 g6 20. g4 Bg7 21. Rb1
Rac8 22. Bb3 a5 23. Bf4 h5 24. Rbc1 Qb6 25. Rxc8 Bxc8 26. Qg3 Bd4 27. gxh5 Bf5
28. hxg6 fxg6 29. Be3 Kg7 30. Qh4 Bxe3 31. Rxe3 Rf7 32. Re8 Rf6 33. Re3 Rf7 34.
Rc3 Rc7 35. Qd8 Rb7 36. Qxb6 Rxb6 37. Bc2 b4 38. Rc7+ Kf6 39. Ba4 bxa3 40. bxa3
Bxh3 41. Rc3 Bf5 42. Re3 1/2-1/2

[Event "Floripa Chess Open 2024"]
[Site "Florianopolis"]
[Date "2024.01.24"]
[Round "6.134"]
[White "Cabral, Vinicius Albuquerqu"]
[Black "Nunes, Leonardo De Souza"]
[Result "0-1"]
[WhiteElo "1734"]
[BlackElo "1800"]
[PlyCount "74"]
[EventDate "2024.01.20"]
[EventRounds "10"]
[EventCountry "BRA"]

1. e4 e5 2. Nf3 Nc6 3. Bc4 Nf6 4. d3 Bc5 5. c3 d6 6. Be3 Bb6 ({RR} 6... a6 7.
Nbd2 O-O 8. O-O Ba7 9. a4 h6 10. a5 Be6 {1/2-1/2 (10) Benderac,S (2356)
-Cabrilo,G (2469) Jahorina 2003}) 7. h3 O-O ({RR} 7... h6 8. Nbd2 Qe7 9. Qe2
Bd7 10. d4 exd4 11. Bxd4 O-O 12. O-O Ne5 13. Nxe5 dxe5 14. Bxb6 axb6 15. Nf3
Bc6 16. Bd3 Ra4 17. Rfe1 Bxe4 18. b3 Bxd3 19. Qxd3 Ra5 20. c4 Re8 21. Nd2 Raa8
22. Re3 {Sobolev,G (1091)-Sakovich,L (1861) St Petersburg RUS 2023 1/2-1/2 (54)
}) 8. O-O d5 $146 ({RR} 8... Ne7 9. Qc2 Ng6 10. d4 h6 11. dxe5 dxe5 12. Bxb6
axb6 13. Nbd2 Qe7 14. Qd3 Be6 15. Qe3 Bxc4 16. Nxc4 b5 17. Na3 b4 18. Nc2 bxc3
19. bxc3 Rfd8 20. Nb4 Ra4 21. Rfd1 Rxd1+ 22. Rxd1 c5 23. Nd5 {Timofeev,
P-Zijatdinov,R (1754) Sterlitamak 2010 1/2-1/2}) ({RR} 8... Na5 9. Nbd2 Bxe3
10. fxe3 Nxc4 11. Nxc4 b5 12. Ncd2 c5 13. a4 Ba6 14. axb5 Bxb5 15. c4 Bd7 16.
b3 a5 17. Nb1 Qb6 18. Nc3 Rfb8 19. Rb1 h6 20. Nd5 Nxd5 21. exd5 Qd8 22. Nd2 Qg5
23. Rf3 {Marcussen,J (1931)-Hansen,J (2008) Fredericia 2013 1/2-1/2 (43)}) 9.
exd5 Nxd5 10. Bg5 Qd6 11. Nbd2 Be6 12. Ne4 Qd7 13. Bd2 f5 14. Neg5 h6 15. Nxe6
Qxe6 16. Bb3 Na5 17. c4 Nf6 18. Bxa5 Bxa5 19. c5 Nd5 20. a3 c6 21. Bc4 Kh8 22.
b4 Bc7 23. Re1 Qf6 24. Bxd5 cxd5 25. d4 e4 26. Nh2 Qg5 27. Qe2 Rae8 28. a4 Qf4
29. Nf1 Re6 30. g3 Rg6 31. Kh2 Qg5 32. h4 Qxh4+ 33. Kg2 f4 34. f3 Rxg3+ 35.
Nxg3 fxg3 36. Kg1 exf3 37. Qe7 Qh2+ 0-1

[Event "Floripa Chess Open 2024"]
[Site "Florianopolis"]
[Date "2024.01.24"]
[Round "6.135"]
[White "De Carli Filho, Carlos"]
[Black "Carvalho, Eduardo Meireles"]
[Result "1-0"]
[WhiteElo "2038"]
[BlackElo "1476"]
[PlyCount "77"]
[EventDate "2024.01.20"]
[EventRounds "10"]
[EventCountry "BRA"]

1. e4 c6 2. d4 d5 3. exd5 cxd5 4. c4 Nf6 5. Nc3 e6 6. Nf3 Bb4 7. Bd3 O-O 8. O-O
Bxc3 9. bxc3 dxc4 10. Bxc4 b6 11. Ba3 $146 ({RR} 11. Bd3 Bb7 12. Bg5 Nbd7 13.
Rc1 Qc7 14. Re1 Qc6 15. c4 Rac8 16. Bb1 Rfd8 17. Qe2 a6 18. Red1 b5 19. d5 exd5
20. Nd4 Qb6 21. cxb5 Rxc1 22. Bxc1 Re8 23. Be3 Ne5 24. Nf5 Qxb5 25. Qxb5 axb5 {
Milonakis,G (2223)-Serntedakis,A (2040) Anogia 2015 1-0 (67)}) ({RR} 11. Bg5
Qc7 12. Qe2 Nd5 13. Rac1 Bb7 14. Rfe1 Nd7 15. Bb3 Nf4 16. Qe3 Ng6 17. h4 Rfe8
18. h5 Ne7 19. Bxe7 Rxe7 20. h6 g6 21. d5 e5 22. Qg5 Qd6 23. c4 f6 24. Qg3 Nc5
25. Bc2 Kh8 {Kraus,T (2046)-Volcik,L (2008) Sec u Chrudimi 2008 1/2-1/2 (58)})
11... Re8 12. Bb5 Bd7 13. Be2 Qc7 14. c4 Bc6 15. Rc1 Qb7 16. Qd2 Nbd7 17. Rfe1
Rad8 18. Bb2 Nc5 19. Qf4 Nce4 20. Ne5 Nd6 21. Nxc6 Qxc6 22. d5 exd5 23. Bxf6
gxf6 24. Qxf6 Rc8 25. Qg5+ Kh8 26. Bf3 Nxc4 27. Rxe8+ Qxe8 28. Qxd5 Rc5 29.
Qd4+ Qe5 30. Qd8+ Kg7 31. Qh4 Nd2 32. Qg4+ Kh6 33. Rd1 Nxf3+ 34. Qxf3 Kg6 35.
h4 h5 36. g3 Qf5 37. Qe3 Rc2 38. Rd6+ Kh7 39. Qh6+ 1-0

[Event "Floripa Chess Open 2024"]
[Site "Florianopolis"]
[Date "2024.01.24"]
[Round "6.136"]
[White "Cunha E Silva, Carlos Alberto V."]
[Black "Paiva, Gaston"]
[Result "1/2-1/2"]
[WhiteElo "1984"]
[BlackElo "1472"]
[PlyCount "43"]
[EventDate "2024.01.20"]
[EventRounds "10"]
[EventCountry "BRA"]

1. e4 {ChessBase} e5 2. Nf3 Nc6 3. Bb5 a6 4. Ba4 Nf6 5. O-O Be7 6. Re1 b5 7.
Bb3 O-O 8. c3 d5 9. exd5 Nxd5 10. Nxe5 Nxe5 11. Rxe5 c6 12. d4 Bd6 13. Re1 Qh4
14. g3 Qh3 15. Bxd5 cxd5 16. Be3 ({RR} 16. Qd3 Bg4 17. Qf1 Qh5 18. Be3 f5 19.
f4 g5 20. Nd2 Rae8 21. Qf2 Kh8 22. a4 Rxe3 23. Rxe3 gxf4 24. gxf4 Qh6 25. Rae1
Bxf4 26. Re6 Qg5 27. h4 Qg7 28. Qxf4 Rg8 29. Qe5 {1-0 (29) Rosh,J (2325)
-Kujawski,A (2191) chess.com INT 2023}) 16... Bg4 17. Qd3 Rae8 18. Nd2 ({RR} 
18. Qf1 Qh5 19. Nd2 f5 {1/2-1/2 (19) Gheorghiu,F (2495)-Nunn,J (2600) Zuerich
1984}) 18... Bf5 $146 ({RR} 18... f5 19. f4 g5 20. Qf1 Qh5 21. Qg2 Re4 22. fxg5
Kh8 23. a4 bxa4 ({RR} 23... Bh3 24. Qf3 ({RR} 24. Qf2 Rg4 25. axb5 f4 26. Bxf4
Bxf4 27. bxa6 Bd6 28. Qxf8+ Bxf8 29. a7 Qxg5 30. Re2 h5 31. a8=Q Qg8 32. Qe8 h4
33. Ra8) 24... Rg4 25. axb5 a5 26. Rxa5 f4 27. Bxf4) ({RR} 23... f4 24. Nxe4
dxe4 25. gxf4 Rxf4 26. Bxf4 Bxf4 27. Rf1 Bf3 28. Rxf3 exf3 29. Qf2 Be3 30. Qxe3
) 24. Rxa4 f4 25. Nxe4 Bf3 26. g4 Qe8 27. Nxd6 Qxa4 28. Qxf3 {1-0 (28)
Siaperas,T-Safvat,Y Moscow (Russia) 1956 MCD [ChessBase]}) ({RR} 18... f5 19.
f4 Re6 20. Qf1 Qh5 21. Qg2 Rfe8 22. Qxd5 Qf7 23. Nf1 g5 24. Bd2 gxf4 25. Rxe6
Rxe6 26. Re1 Rxe1 27. Qxf7+ Kxf7 28. Bxe1 Ke6 29. Kg2 Kd5 30. Nd2 b4 31. Kf1
fxg3 32. Bxg3 f4 33. Bf2 {Dolezal,M (2275)-Betko,L Prague 1992 1-0 (51)}) 19.
Qf1 Qh5 20. a4 Bh3 21. Qe2 Qxe2 22. Rxe2 1/2-1/2

[Event "Floripa Chess Open 2024"]
[Site "Florianopolis"]
[Date "2024.01.24"]
[Round "6.137"]
[White "Pereira, Francisco Neris"]
[Black "Pimenta, Elisandro Da Silva"]
[Result "0-1"]
[WhiteElo "1474"]
[BlackElo "1829"]
[PlyCount "72"]
[EventDate "2024.01.20"]
[EventRounds "10"]
[EventCountry "BRA"]

1. e4 c5 2. Nf3 d6 3. d4 cxd4 4. Nxd4 Nf6 5. Bg5 ({RR} 5. Bc4 Qb6 6. Nb3 e6 7.
O-O Be7 8. Be3 Qc7 9. f4 a6 10. Bd3 {1/2-1/2 (10) Todorovic,G (2426)-Popovic,P
(2490) Vrnjacka Banja 1999}) 5... Nxe4 6. Bh4 ({RR} 6. Be3 Nc6 7. Nb3 g6 8. c3
Bg7 9. N1d2 Nf6 10. Be2 Be6 11. Nd4 Bd7 12. O-O Nd5 13. Ne4 Nxe3 14. fxe3 Ne5
15. Qb3 b6 16. Rad1 O-O 17. Bc4 Nxc4 18. Qxc4 Bg4 19. Nf3 Qc8 20. Qb4 h6 {
Milkievicz da Rocha,M (1468)-Silva,E (1793) Florianopolis BRA 2024 0-1 (31)})
6... Qb6 7. Nb3 $146 ({RR} 7. b3 e5 8. Bd3 Qxd4 9. Na3 Be7 10. O-O Bxh4 11.
Bxe4 Qxe4 12. Nc4 Be6 13. Nxd6+ Kd7 14. Nxe4+ Ke7 15. Nc5 Rd8 16. Qf3 Bd5 17.
Qd3 Bxg2 18. Qxh7 Bxf1 19. Rxf1 Bf6 20. Nxb7 Rd2 21. Nc5 g6 {Marsano,A-Beyer,T
Bad Urach 2002 1-0 (56)}) 7... Nc6 8. Bd3 Qb4+ 9. c3 Nxc3 10. Nxc3 Qxh4 11. O-O
e6 12. Re1 Be7 13. Rc1 O-O 14. Nb5 d5 15. Nd2 Bd7 16. a3 a6 17. Nf3 Qf6 18. Nc3
Rac8 19. Qe2 Bd6 20. Na4 Nd4 21. Nxd4 Bxa4 22. Rxc8 Rxc8 23. Nf3 Bc6 24. h3 Re8
25. Qd2 e5 26. Bb1 g6 27. Ba2 d4 28. Ng5 Re7 29. Ne4 Bxe4 30. Rxe4 Kg7 31. Qe2
Qg5 32. Qc2 Rc7 33. Qb3 f5 34. Re1 e4 35. Qd5 Qf6 36. g4 Qe5 0-1

[Event "Floripa Chess Open 2024"]
[Site "Florianopolis"]
[Date "2024.01.24"]
[Round "6.138"]
[White "Guerreiro, Heitor Koffermann"]
[Black "Ulrich, Henning"]
[Result "1/2-1/2"]
[WhiteElo "1467"]
[BlackElo "1822"]
[PlyCount "67"]
[EventDate "2024.01.20"]
[EventRounds "10"]
[EventCountry "BRA"]

1. d4 Nf6 2. Nc3 c5 3. Nf3 cxd4 4. Nxd4 d6 5. e4 a6 6. Be2 Qc7 7. Be3 e6 8. f3
Nbd7 9. Qd2 Be7 10. O-O O-O 11. Rad1 $146 ({RR} 11. a4 b6 12. Rfd1 Bb7 13. a5
b5 14. Ndxb5 axb5 15. Nxb5 Qc6 16. Nxd6 Ba6 17. c4 Nc5 18. Qb4 Nb7 19. e5 Rfd8
20. Qb6 Qxb6 21. axb6 Nxd6 22. exd6 Bxd6 23. Rxd6 Rxd6 24. c5 Bb7 25. Rxa8+
Bxa8 {Srivatsan Karthikeyan (2001)-Aakash Sharadchandra,D (2264) Veliko
Gradiste SRB 2023 1-0}) 11... Rd8 12. a4 b6 13. Rfe1 Bb7 14. Bf2 Ne5 15. Bg3
Rac8 16. Qc1 Nc6 17. Nxc6 Qxc6 18. Bd3 Nd7 19. Bf2 Bf6 20. Ne2 Qxa4 21. c3 Qc6
22. Bd4 Bxd4+ 23. Nxd4 Qc5 24. Kh1 b5 25. Nb3 Qh5 26. Na5 Ba8 27. Be2 d5 28.
exd5 Bxd5 29. Qe3 Nc5 30. c4 bxc4 31. Nxc4 Bxc4 32. Rxd8+ Rxd8 33. Bxc4 Rc8 34.
Rc1 1/2-1/2

[Event "Floripa Chess Open 2024"]
[Site "Florianopolis"]
[Date "2024.01.24"]
[Round "6.139"]
[White "Godinho, Bruno Cesar Ferreir"]
[Black "Ataide, Gerson Britto"]
[Result "1/2-1/2"]
[WhiteElo "1802"]
[BlackElo "1463"]
[PlyCount "76"]
[EventDate "2024.01.20"]
[EventRounds "10"]
[EventCountry "BRA"]

1. d4 Nf6 2. Nf3 e6 3. g3 b6 4. Bg2 Bb7 5. O-O d5 6. c4 c6 7. Nc3 Nbd7 ({RR} 
7... Be7 8. Nd2 O-O 9. e4 Na6 10. e5 Nd7 11. cxd5 cxd5 12. a3 Nc7 13. Nf3 b5
14. h4 a5 15. Ne2 Ba6 16. Re1 a4 17. Bg5 Nb6 18. Nf4 b4 19. axb4 Bc4 20. Bf1 h6
21. Bxe7 Qxe7 22. Nh5 {Lovkov,R (2424)-Tiviakov,S (2674) St Petersburg 2012 1/
2-1/2 (58)}) 8. Bf4 Be7 9. Rc1 O-O 10. Nd2 $146 ({RR} 10. Qd3 Rc8 11. e4 dxe4
12. Nxe4 Nxe4 13. Qxe4 Nf6 14. Qe2 c5 15. dxc5 Bxc5 16. Rfd1 Qe7 17. a3 a5 18.
Ne5 Bxg2 19. Kxg2 Qb7+ 20. Kg1 Rcd8 21. Be3 Qe4 22. Nd3 Bd4 23. Qe1 Bxe3 24.
Qxe3 Qxe3 {Afonasieva,A (1862)-Denisov,N (2090) Kaluga 2013 0-1 (38)}) 10...
Rc8 11. e4 Nxe4 12. Ncxe4 dxe4 13. Nxe4 Nf6 14. Nc3 Qd7 15. Qd2 Rfd8 16. Rfd1
Bd6 17. Bxd6 Qxd6 18. Qg5 h6 19. Qh4 Qb8 20. b4 Rd7 21. Rc2 c5 22. Bxb7 Qxb7
23. bxc5 bxc5 24. Qf4 Rcd8 25. Rb1 Qc6 26. dxc5 Qxc5 27. Rb8 Rd4 28. Rxd8+ Rxd8
29. Rb2 e5 30. Qf5 Qxc4 31. Qxe5 Rc8 32. Rb8 Rxb8 33. Qxb8+ Kh7 34. Qb1+ g6 35.
Qe1 Nd5 36. Nxd5 Qxd5 37. a4 a5 38. h4 h5 1/2-1/2

[Event "Floripa Chess Open 2024"]
[Site "Florianopolis"]
[Date "2024.01.24"]
[Round "6.140"]
[White "Andersson, Cristian De Oliveir"]
[Black "Cavalcante, Rodrigo Moreira"]
[Result "1/2-1/2"]
[WhiteElo "1461"]
[BlackElo "1801"]
[PlyCount "110"]
[EventDate "2024.01.20"]
[EventRounds "10"]
[EventCountry "BRA"]

1. c4 e5 2. Nc3 Bb4 3. e4 Bxc3 4. dxc3 ({RR} 4. bxc3 Ne7 5. d4 d6 6. Nf3 Nbc6
7. Ba3 f5 8. d5 Nb8 9. c5 fxe4 10. Ng5 O-O 11. cxd6 cxd6 12. Nxe4 Rf4 13. Nxd6
Qa5 14. Qb3 Na6 15. Nc4 Qxd5 16. Rd1 Re4+ 17. Be2 Rxe2+ 18. Kxe2 Bg4+ {Lagarde,
M (2655)-Wagner,D (2578) Zurich SUI 2019 1-0}) 4... Nf6 ({RR} 4... d6 5. Bd3
Ne7 6. Ne2 O-O 7. O-O h6 8. Ng3 Nbc6 9. b3 Be6 10. a4 Qd7 11. Bc2 f5 12. f3 f4
13. Ne2 g5 14. Ba3 b6 15. Qd2 g4 16. Rad1 Kh8 17. Kh1 g3 18. hxg3 fxg3 19.
Qxh6+ {Rodriguez Santiago,J (2038)-Winkels,M (1901) chess.com INT 2024 1-0}) 5.
g3 $146 ({RR} 5. Bd3 d6 6. Ne2 Nbd7 7. f3 Nc5 8. Bg5 h6 9. Be3 Be6 10. g4 Nfd7
11. Ng3 g6 12. Be2 Nb6 13. b3 Qh4 14. Qd2 O-O-O 15. O-O-O a5 16. Qb2 a4 17. Qa3
axb3 18. axb3 Ncd7 19. Rd2 Qe7 {Berger,G (2225)-Breier,A (2215) Berlin 1995
0-1 (61)}) ({RR} 5. Nf3 d6 6. Nd2 O-O 7. g3 a6 8. Bg2 Nbd7 9. a4 Nc5 10. Qc2
Bd7 11. a5 b5 12. axb6 cxb6 13. O-O Qc7 14. b3 b5 15. cxb5 axb5 16. Ba3 Ra6 17.
Bb4 Rfa8 18. Rxa6 Rxa6 19. c4 Ne6 {Rowson,J (2485)-Brady,S (2345) Bunratty
1998 0-1 (36)}) 5... Nc6 6. Bg2 d6 7. Ne2 O-O 8. O-O b6 9. f3 Qe7 10. Be3 Be6
11. b3 Rad8 12. Qe1 h6 13. g4 Nh7 14. h4 f6 15. Ng3 Qe8 16. Nf5 Ne7 17. Kf2
Nxf5 18. gxf5 Bc8 19. Rg1 Qh5 20. Ke2 Bb7 21. Bh3 Kh8 22. Rg6 Bxe4 23. Bg4 Qxg6
24. fxg6 Bxg6 25. h5 Be8 26. Qh4 Bc6 27. Bf5 Ng5 28. Bxg5 fxg5 29. Qg4 Rf6 30.
Be4 Bd7 31. Qg1 Rdf8 32. b4 Rf4 33. c5 g4 34. Rf1 Rxe4+ 35. fxe4 Bb5+ 36. Kd2
Bxf1 37. Qxg4 Bc4 38. cxd6 cxd6 39. Qd7 b5 40. Qxd6 Rf2+ 41. Ke3 Rxa2 42. Qxe5
Re2+ 43. Kd4 Rd2+ 44. Kc5 Rg2 45. Qb8+ Kh7 46. e5 Re2 47. Qd6 Kg8 48. Kc6 Re3
49. Qd4 Re2 50. Qxa7 Kh7 51. Kd6 Re1 52. Qf2 Re2 53. Qf5+ Kg8 54. Ke7 Re1 55.
Qc8+ Kh7 1/2-1/2

[Event "Floripa Chess Open 2024"]
[Site "Florianopolis"]
[Date "2024.01.24"]
[Round "6.141"]
[White "Silver, Fernanda Luise"]
[Black "Altenhofen, Rafael Graneto"]
[Result "1/2-1/2"]
[WhiteElo "1749"]
[BlackElo "1446"]
[PlyCount "88"]
[EventDate "2024.01.20"]
[EventRounds "10"]
[EventCountry "BRA"]

1. e4 c5 2. Nf3 e6 3. Nc3 Nf6 4. e5 Nd5 5. Nxd5 exd5 6. d4 ({RR} 6. Be2 d6 7.
O-O Nc6 8. d4 dxe5 9. dxe5 Be7 10. Bf4 O-O 11. Qd2 Be6 12. c3 Qd7 13. Rad1 Rfd8
14. Rfe1 Rac8 15. h3 d4 16. Bb5 a6 17. Bxc6 Qxc6 18. cxd4 Bxa2 19. Qe3 Bd5 20.
Bg5 cxd4 {Hong,A (2444)-Le Tuan Minh (2501) chess.com INT 2020 1-0 (56)}) 6...
c4 7. g3 d6 8. h3 $146 ({RR} 8. Bg2 Bg4 9. h3 Bh5 10. Qe2 Qe7 11. O-O Nc6 12.
c3 dxe5 13. dxe5 Nxe5 14. Qxe5 Bxf3 15. Qxe7+ Bxe7 16. Bxf3 O-O 17. Bxd5 Rab8
18. Bxc4 b5 19. Bb3 Bc5 20. Bf4 Rbd8 21. Rad1 a5 22. Bc7 Ra8 {Toma,K (2303)
-Elfelo,E (1562) Chennai IND 2022 1-0 (42)}) ({RR} 8. Bg2 dxe5 9. Nxe5 Be7 10.
Qf3 Be6 11. Nxc4 Nc6 12. Ne3 Nxd4 13. Qd1 Qa5+ 14. Bd2 Qc5 15. O-O O-O 16. c3
Nc6 17. Nc2 Bf6 18. Be3 Qb5 19. Qc1 Rac8 20. Rd1 Rfd8 21. Nd4 Bxd4 22. Bxd4 Qa4
{Kubovic,L-Veselsky,J Trnava 1980 1/2-1/2 (72)}) 8... Nc6 9. Qe2 dxe5 10. dxe5
Be7 11. Bg2 Be6 12. c3 O-O 13. O-O Qc7 14. Re1 b5 15. Qc2 b4 16. Bd2 a5 17. b3
cxb3 18. Qxb3 bxc3 19. Qxc3 Bb4 20. Qd3 Bxd2 21. Qxd2 Qd7 22. Kh2 Rfb8 23. Rac1
Nb4 24. Nd4 Rc8 25. a3 Na6 26. Bf1 Nc5 27. Bb5 Qe7 28. Qe3 Bd7 29. Bxd7 Qxd7
30. Red1 h6 31. Ne2 Ne6 32. Rb1 Rab8 33. Qd3 d4 34. Rbc1 Rxc1 35. Rxc1 Rc8 36.
Rb1 Rc7 37. Rb8+ Rc8 38. Rxc8+ Qxc8 39. f4 Qb7 40. h4 Qb2 41. Kh3 Nc5 42. Qxd4
Qxe2 43. Qxc5 Qf1+ 44. Kh2 Qe2+ 1/2-1/2